70 rokov stredoslovenských energetických závodov : 1923-1993 /
Saved in:
| Other Authors: | |
|---|---|
| Format: | Book |
| Language: | Slovak |
| Published: |
Martin :
Neografia, š. p.,
1993
|
| Tags: |
No Tags, Be the first to tag this record!
|
MARC
| LEADER | 00000nam a22000003a 4500 | ||
|---|---|---|---|
| 001 | 0112266 | ||
| 003 | SK-STU | ||
| 005 | 20241112081858.6 | ||
| 007 | ta | ||
| 008 | 241112s ----xo-----e------000-0-----d | ||
| 020 | |a 80-85186-27-6 | ||
| 040 | |a STU |b slo | ||
| 041 | 0 | |a slo | |
| 044 | |a xo | ||
| 080 | |a 621.31 | ||
| 100 | 1 | |a Žiak, Vojtech |4 com |r Z5 | |
| 245 | 1 | 0 | |a 70 rokov stredoslovenských energetických závodov : 1923-1993 / |c zost. Vojtech Žiak |
| 260 | |a Martin : |b Neografia, š. p., |c 1993 | ||
| 300 | |a 214 s. | ||
| 996 | |b 284EK90831 |c E* 90831 |l EE01 |s A |a 24 |w 0112266_0001 | ||